000 00306nam a22001217a 4500
008 181006b xxu||||| |||| 00| 0 eng d
041 _aeng
080 _a159.9
100 _a49
101 _aPSI
245 _aAttentional Deficit Disorder with Hyperactivity: A Misconception
_cMeere, J.J
942 _2udc
_cBK
999 _c48938
_d48938